| 000 | 01193nam a2200229Ia 4500 | ||
|---|---|---|---|
| 999 |
_c40297 _d40297 |
||
| 001 | 6905 | ||
| 003 | GE_BSU | ||
| 005 | 20200206161111.0 | ||
| 008 | 181216s1953||||g |||||||||||||| ||geo|| | ||
| 040 | _cGE_BSU | ||
| 041 | _ageo | ||
| 080 | _a821.353.1-32 გ-94 | ||
| 100 |
_aგულისაშვილი, ზაქარია. _96840 |
||
| 245 |
_aმოთხრობები ნარკვევები : _b მოთხრობები, ნარკვევები / _cზაქარია გულისაშვილი ; გიორგი ლეონიძის წინასიტყვ. და რედაქციით ; რედ. თ. შავიშვილი ; მხატვ. ლ. ქუთათელაძე.. |
||
| 264 |
_aთბილისი : _bსაბჭ.მწერალი, _c1953. |
||
| 300 |
_a317 გვ. : _b1 ფ. პორტრ. ; _c22 სმ. |
||
| 653 | _aმოთხრობები | ||
| 653 | _aნარკვევები | ||
| 700 |
_aშავიშვილი, თ. _eრედაქტორი _94098 |
||
| 700 |
_aქუთათელაძე, ლ. _eმხატვარი _96841 |
||
| 942 |
_cBK _2udc |
||